Statistics for Largest State Bordering Each State

Click here to take the quiz!

General Stats

  • This quiz has been taken 190 times
  • The average score is 34 of 48

Answer Stats

StateBiggest Bordering State% Correct
ArizonaCalifornia
98%
CaliforniaArizona
94%
IdahoMontana
94%
GeorgiaFlorida
93%
FloridaGeorgia
93%
ConnecticutNew York
91%
ArkansasTexas
91%
AlabamaGeorgia
90%
DelawarePennsylvania
86%
LouisianaTexas
85%
MaineNew Hampshire
83%
ColoradoNew Mexico
83%
MassachusettsNew York
83%
IndianaMichigan
80%
MarylandPennsylvania
80%
MichiganWisconsin
80%
KansasColorado
77%
IllinoisMissouri
77%
NevadaCalifornia
75%
New MexicoTexas
75%
MinnesotaSouth Dakota
73%
IowaMinnesota
72%
New JerseyNew York
72%
New YorkPennsylvania
71%
New HampshireMaine
69%
North DakotaMontana
69%
MontanaWyoming
69%
KentuckyMissouri
68%
OregonCalifornia
67%
OklahomaTexas
67%
MississippiArkansas
66%
PennsylvaniaNew York
63%
South CarolinaGeorgia
59%
MissouriKansas
59%
Rhode IslandMassachusetts
59%
NebraskaColorado
58%
OhioMichigan
58%
North CarolinaGeorgia
57%
South DakotaMontana
57%
TexasNew Mexico
56%
VermontNew York
50%
WashingtonOregon
50%
UtahNew Mexico
47%
VirginiaNorth Carolina
45%
WisconsinMinnesota
42%
TennesseeMissouri
41%
WyomingMontana
40%
West VirginiaPennsylvania
39%

Score Distribution

Percentile by Number Answered

Percent of People with Each Score

Your Score History

You have not taken this quiz